00785 2200229 4500001002100000005001700021008004100038020002200079035002500101040001200126082001900138084001900157090001900176245015800195260005800353300002900411504003100440650003000471700002000501850001200521990002200533INLIS00000000000312320150402112115.0  a978-979-3142-23-4 a0010-041500000000189 aYOPDYOG aDEP 364.15 Waj aDEP 364.15 Waj aDEP 364.15 Waj aWAJAH kekerasan : analisis atas data kasus kekerasan terhadap perempuan di Rifka Annisa tahun 2000-2006 /cTim penulis Rachmad Hidayat...[ et al ].. Ed.1 aYogyakarta :bRifka Annisa Women Krisis Center,c2009 a142 hlm.:bilus.;c24 cm aBibliografi : hlm. 139-142 aKejahatan terhadap wanita aRachmad Hidayat aYOPDYOG aCB-D.11 2009-1994